00630nam a2200157Ia 4500008004000000082001500040100001800055245009600073260004500169300001200214650003700226690002300263906001100286999001900297952015600316210210b1999 xxu||||| |||| 00| 0 eng d a158.1 ZIGS aZIGLAR (Zig). aSomething else to smile about, more encouragement and inspiration for life's ups and downs. aMumbai.bMagna Publishing Co Ltd.,c1999 axiv,204 aEncouragement Inspiration Life  aApplied Psychology a057873 c105173d105173 001040708PsychologyaALbALcPsychologyd2021-02-17eSita Book House, Mangalore.g175.00l0o158.1 ZIGSp057873r2021-02-17 00:00:00w2021-02-17yBK